Learn to read Chinese (Record no. 31941)

MARC details
000 -LEADER
fixed length control field 00405nam a2200169Ia 4500
020 ## - INTERNATIONAL STANDARD BOOK NUMBER
ISBN 091211147x
050 ## - CALL MARK
Classification number PL 1117.5 .U57/
100 ## - STATEMENT OF RESPONSIBILITY--MAIN AUTHOR NAME
Personal name Unschuld, Paul U.
245 #0 - TITLE STATEMENT
Title Learn to read Chinese
260 ## - PUBLICATION, DISTRIBUTION, ETC. (IMPRINT)
Place of publication Brookline, Mass. :
260 ## - PUBLICATION, DISTRIBUTION, ETC. (IMPRINT)
Name of publisher Paradigm Publication
260 ## - PUBLICATION, DISTRIBUTION, ETC. (IMPRINT)
Year of publication 1994
300 ## - PHYSICAL DESCRIPTION
Number of Pages 427 p
942 ## - ADDED ENTRY ELEMENTS (KOHA)
Koha item type Books
Holdings
Withdrawn status Lost status Source of classification or shelving scheme Damaged status Not for loan Permanent Location Current Location Date acquired Accession Number Price effective from Koha item type
    Library of Congress Classification     NILE UNIVERSITY OF NIGERIA - MAIN LIBRARY NILE UNIVERSITY OF NIGERIA - MAIN LIBRARY 04/23/2025 0184729 04/23/2025 Books